01053nam a2200205 a 450000100060000000300090000600800410001502000150005604000280007108200220009910000980012124500320021926000400025130000110029150504630030265000380076565000150080394200120081899900170083014578CO-ViMGA141112s2004 ck r 000 u spa d a8448111559 aCO-ViMGAbspacCO-ViMGA04a372.358 G653e - 11 aSilva Rodríguez, L.; Gómez Olalla, L.A.; Jimenez Alvarez, J.; Almaraz Martín, A.92131810aEducación en tecnologia 1 aSta Fe de Bogotá McGraw Hill 1997 a173 p. aEstructura y Rampas - historia - construcción Estatua de la Libertad Rascacielos - - Tensores Soportes y vigas Movimiento con operadores mecánicos - transformación palanca Balancín - funciones Polea - construcción Biela Collage tecnológico Madera - herramientas Movimiento con operadores electricos Circuito electrico - tipos pila o generador motor electrico - - Estructuras desmontables - tipos Máquinas sencillas Educación en tecnología 114aeducación EN TECNOLOGIA 92131914aTECNOLOGIA 2ddccBK c25165d25165